书目信息 |
| 书名: | Radiographic imaging for dental auxiliaries | |
| 作者: | Dale A. Miles ... [et al.]. | |
| 分册号: | ||
| 分册名: | 出版地: | Philadelphia : |
|
| 出版社: | Saunders | |
| 出版时间: | 1989. | |
| 页数: | p. cm. | |
| 开本: | ||
| 丛书名: | ||
| 中图分类号: | ||
| 科图分类号: | ||
| 其他分类号: | TB867 | |
| 主题词: | ||
| 电子资源: | ||
| 000 | 00866cam a22003018a 450 | |
| 001 | E0762832798 | |
| 005 | 20070512173751.73 | |
| 008 | 880621s1989 pau 000 0 eng c | |
| 010 | @a88018456 | |
| 020 | @a0721624103. | |
| 035 | @A(DLC) 88018456 | |
| 040 | @aDNLM/DLC@cDLC@dDLC | |
| 050 | 00 | @aRK309@b.R28 1989 |
| 060 | @aWN 230 R1288 | |
| 082 | 00 | @a617.6/07572@2 19 |
| 090 | @aTB867 | |
| 099 | @dTB867@ex9 | |
| 245 | 00 | @aRadiographic imaging for dental auxiliaries / @cDale A. Miles ... [et al.]. |
| 260 | @aPhiladelphia :@bSaunders,@c1989. | |
| 263 | @a8811 | |
| 300 | @ap. cm. | |
| 650 | 2 | @aRadiography, Dental. |
| 650 | 0 | @aTeeth@xRadiography. |
| 650 | 0 | @aDental auxiliary personnel. |
| 650 | 2 | @aDental Auxiliaries. |
| 700 | 1 | @aMiles, Dale A. |
| 906 | @a7@bcbu@corignew@d1@eocip@f19@gy-gencatlg | |
| 963 | @aDot Pollock, 215-238-5511 | |
| Radiographic imaging for dental auxiliaries / / Dale A. Miles ... [et al.].-Philadelphia : : Saunders, , 1989. |
| p. cm. |
| ISBN 0721624103. |
| ● |
| 相关链接 |
|
|
|
|
正题名:Radiographic imaging for dental auxiliaries
索取号:TB867/x9
 
预约/预借
| 序号 | 登录号 | 条形码 | 馆藏地/架位号 | 状态 | 备注 |
| 1 | 0008243 | 300082434 | 第二样本阅览室/ [索取号:TB867/x9] | 在馆 | |
| 2 | 0008244 | 300082443 | 第四借阅区/ [索取号:TB867/x9] | 在馆 |